1640 1440 1379 1502 1480 1189 1438 1488 1715 1922 1564 1001 1768 1549 1167 1590 1614 1515 1703 1834 1618 1369 1097 1649 1492 1474 1431 1861 1014 1533 1626 1989 1152 1233 1520 1038 1090 1195 1266 2000 1414 1814 1949 1045 1084 1145 1701 1950 1637 1709 1249 1295 1155 1527 1334 1179 1000 1595 1667 1913 1218 1461 1191 1773 1594 1986 1228 1183 1772 1805 1237 1855 1978 1187 1089 1396 1158 1227 1268 1178 1481 1706 1446 1093 1599 1323 1884 1073 1627 1505 1360 1023 1758 1868 1251 1888 1211 1443 1482 BCNSPRNW ULIB Ver.6.0+V

เปลี่ยนเป็นภาษาไทย

Change to English
 แสดงรายละเอียดบรรณานุกรม
  กลับหน้าหลัก

Brief Record : Get Marc (ISO 2709) : E-mail record : QR code < ปิดหน้าต่าง
LEADER : 00000nam 2200000uu 4500
001    13399111860
003     ULIB
008    110627s2553||||th 000 0 tha d
020    9786167081465
090    นว.^bน387ป 2553
100 0  นัฐชา
245 00 เปลวรักสีรุ่ง/^cนัฐชา
250    พิมพ์ครั้งที่ 1
260    กรุงเทพฯ :^bสมาร์ทบุ๊ค,^c2553
300    376 หน้า
945    ^p250^l0^i028026
995    ทศพร
999 ^a ใช้งานได้ทุกระบบ
รายการนี้ยังไม่มีแท็ก
คุณยังไม่ได้ล็อกอิน คุณสามารถมีกิจกรรมร่วมกับเว็บไซต์ได้ แต่ต้องล็อกอินก่อน ::
  ล็อกอิน

รายการสื่อสารสนเทศ

ลำดับที่ ประเภท เลขเรียก/บาร์โค้ด สถานที่ สถานะ
- ไม่พบข้อมูล -

BibComment


ยังไม่เคยถูกคอมเมนท์

คอมเมนท์ทรัพยากรรายการนี้
  คอมเมนท์: เปลวรักสีรุ่ง นัฐชา


 Copyright 2026. Bcnsprnw @Library